000 01848cam a22004574i 4500
003 PE-LiUPU
005 20250731172958.0
008 150623s r 000 0 d
020 _a843301286X
035 _a(Sirsi) i9788433012869
040 _aPE-LiUPU
_bspa
_cPE-LiUPU
_erda
049 _aPRUA
082 0 4 _aPG 232.9
_bL29
_221
100 1 _aLaurentin, René,
_eautor.
245 1 0 _aVida auténtica de Jesucristo /
_cRené Laurentin ; [versión española de M. Montes].
264 1 _aBilbao :
_bDesclée De Brouwer,
_c1998.
300 _a577 páginas ;
_c24 centímetros
336 _atext
_2rdacontent
337 _aunmediated
_2rdamedia
338 _avolume
_2rdacarrier
490 0 _aBiblioteca Manual Desclée ;
_v16
505 0 _aEl nacimiento y la infancia. -La vida oculta en nazaret. -El bautismo y el desierto. -La tentación. -Primeros discípulos. -Las bodas de Caná. -Primeras armas en Cafarnaúm.. y en Nazareth. -Primera Pascua en Jerusalé y ministerio en Judea. -De Judea a Galilea a través de Samária.. . - La última cena. -Getsemaní. -El vía crucis. -El Golgota. -Sepultura. -Se ha levantado de entre los muertos. -¿Quíen es Jesús?.
526 _aSEG42
526 _aSEG41
526 _aSEG40
526 _aSEG39
526 _aP94
526 _aP87
526 _aP86
526 _aP85
526 _aP77
526 _aP76
526 _aP35
600 1 _aJesucristo
942 _2ddc
_cBOOK
949 _aPG 232.9 L29
_wDEWEY
_c1
_i45435
_lCCODEBUL1
_mBUL
_r0
_sY
_tBOOK
_u2015-6-24
_xTEOLOGIA
_PP35
_0COMPRA
_o.STAFF. Colección General
994 _aC0
_bPEPRU
596 _a1
999 _aPG 232.9 L29
_wDEWEY
_c22296
_i45435
_f2021-11-10
_g5
_lCCODEBUL1
_mBUL
_r0
_sY
_tBOOK
_u2015-6-24
_xTEOLOGIA
_PP35
_0COMPRA
_o.STAFF. Colección General
_d22296
980 _81
_gALBERTO SANCHEZ Responsable de Automatización